प्रशासनिक चिन्तक (Record no. 64942)

MARC details
000 -LEADER
fixed length control field 01184 aa a2200229 4500
005 - DATE AND TIME OF LATEST TRANSACTION
control field 20120413112841.0
010 ## - LCCN (DPL NO)
LC control number
020 ## - INTERNATIONAL STANDARD BOOK NUMBER
Terms of availability 500.00
International Standard Book Number 818018045x
035 ## - SYSTEM CONTROL NUMBER
System control number B-207299
037 ## - SOURCE OF ACQUISITION
Source of stock number/acquisition D.B.Act / ven
082 ## - DEWEY DECIMAL CLASSIFICATION NUMBER
Classification number 350.00092
100 ## - MAIN ENTRY--PERSONAL NAME
Personal name कटारिया, सुरेन्द्र
245 ## - TITLE STATEMENT
Title प्रशासनिक चिन्तक
Statement of responsibility, etc सुरेन्द्र कटारिया तथा सौरभ कटारिया
246 ## - VARYING FORM OF TITLE
Title proper/short title Parshasnik Chintak
Remainder of title by Surinder Katariya
250 ## - EDITION STATEMENT
Edition statement 3रा संस्क
260 ## - PUBLICATION, DISTRIBUTION, ETC. (IMPRINT)
Place of publication, distribution, etc दिल्ली
Name of publisher, distributor, etc नेशनल पब्लिशिंग हाउस
Date of publication, distribution, etc 2005
270 ## - ADDRESS
Address 337, चौ़ड़ा रास्ता
City जयपुर
Postal code 302003
Telephone number 0141-2575258, 2577548
Fax number 0141-2396758
Electronic mail address nationall@datainfosys.net
300 ## - PHYSICAL DESCRIPTION
Extent 415पृ
Dimensions 22सेमी (अजिल्द)
500 ## - GENERAL NOTE
General note Same Pub से 2005 में आई है
942 ## - ADDED ENTRY ELEMENTS (KOHA)
Institution code [OBSOLETE] dpl
Item type Hindi Books
Call number prefix 350.00092 / कटारि
Source of classification or shelving scheme Dewey Decimal Classification
Classification part 350.00092
Call number suffix कटारि
Holdings
Withdrawn status Lost status Not for loan Collection code Home library Current library Date acquired Cost, normal purchase price Full call number Barcode Cost, replacement price Koha item type
      Non-fiction Sarojini Nagar Sarojini Nagar 13/04/2012 500.00 350.00092 कटारि B-207299 500.00 Hindi Books

© Delhi Public Library
Hit Counter
free hit counter